Form und Häufigkeit der Verwendung von Anglizismen im Deutschen

Diskusie lingvistov, vedcov, politikov a historikov a ich snaha o zastavenie procesu osvojovania cudzích slov a minimalizovanie veľkého vplyvu angličtiny na nemčinu. Názor, podľa ktorého prevzatie cudzích slov môže v budúcnosti viesť k úpadku nemeckého jazyka.

Salvato in:
Dettagli Bibliografici
Autore principale: Adamcová, Silvia, 1984-
Natura: Capitolo di libro
Lingua:tedesco
Soggetti:
Tags: Aggiungi Tag
Nessun Tag, puoi essere il primo ad aggiungerne!!

MARC

LEADER 00000naa$a2200000$$$4500
001 0261421
005 20240502074145.3
041 0 |a ger 
044 |a SK 
245 1 0 |a Form und Häufigkeit der Verwendung von Anglizismen im Deutschen  |c Silvia Adamcová 
520 |a Diskusie lingvistov, vedcov, politikov a historikov a ich snaha o zastavenie procesu osvojovania cudzích slov a minimalizovanie veľkého vplyvu angličtiny na nemčinu. Názor, podľa ktorého prevzatie cudzích slov môže v budúcnosti viesť k úpadku nemeckého jazyka. 
610 2 0 |a jazyky cudzie 
610 2 0 |a nemčina 
610 2 0 |a angličtina 
610 2 0 |a jazykoveda 
100 1 |a Adamcová, Silvia, 1984-